The East Africa Court of Appeal reports. (Record no. 15267)
[ view plain ]
| 000 -LEADER | |
|---|---|
| fixed length control field | 01484cas a22003251 4500 |
| 001 - CONTROL NUMBER | |
| control field | 0000021413 |
| 005 - DATE AND TIME OF LATEST TRANSACTION | |
| control field | 20151217161201.0 |
| 008 - FIXED-LENGTH DATA ELEMENTS--GENERAL INFORMATION | |
| fixed length control field | 120425c xxur p 0 0eng d |
| 022 ## - INTERNATIONAL STANDARD SERIAL NUMBER | |
| International Standard Serial Number | 2077-9763 |
| 040 ## - CATALOGING SOURCE | |
| Original cataloging agency | KABU |
| Transcribing agency | KABU |
| 245 04 - TITLE STATEMENT | |
| Title | The East Africa Court of Appeal reports. |
| 260 ## - PUBLICATION, DISTRIBUTION, ETC. (IMPRINT) | |
| Place of publication, distribution, etc. | Nairobi : |
| Name of publisher, distributor, etc. | LawAfrica Publishing., |
| Date of publication, distribution, etc. | 1934-. |
| 300 ## - PHYSICAL DESCRIPTION | |
| Extent | v. |
| 500 ## - GENERAL NOTE | |
| General note | Reprint 2010. |
| 650 #0 - SUBJECT ADDED ENTRY--TOPICAL TERM | |
| Topical term or geographic name as entry element | Law reports, digests, etc |
| General subdivision | Periodicals. |
| Geographic subdivision | Africa, East. |
| -- | 0000160858 |
| 650 #0 - SUBJECT ADDED ENTRY--TOPICAL TERM | |
| Topical term or geographic name as entry element | Periodicals |
| Form subdivision | Directories. |
| -- | 0000156691 |
| 710 2# - ADDED ENTRY--CORPORATE NAME | |
| Corporate name or jurisdiction name as entry element | Court of Appeal for Eastern Africa. |
| -- | 0000160859 |
| 852 1# - LOCATION | |
| -- | p90000 KES (set) |
| 852 1# - LOCATION | |
| -- | p90000 KES (set) |
| 852 1# - LOCATION | |
| -- | p90000 KES (set) |
| 852 1# - LOCATION | |
| -- | p90000 KES (set) |
| 852 1# - LOCATION | |
| -- | p90000 KES (set) |
| 852 1# - LOCATION | |
| -- | p90000 KES (set) |
| 852 1# - LOCATION | |
| -- | p90000 KES (set) |
| 852 1# - LOCATION | |
| -- | p90000 KES (set) |
| 852 1# - LOCATION | |
| -- | p90000 KES (set) |
| 852 1# - LOCATION | |
| -- | p90000 KES (set) |
| 908 ## - PUT COMMAND PARAMETER (RLIN) | |
| Put command parameter | 120425 |
| 950 ## - LOCAL HOLDINGS (RLIN) | |
| -- | 1 |
| Withdrawn status | Lost status | Source of classification or shelving scheme | Not for loan | Home library | Current library | Date acquired | Total Checkouts | Full call number | Barcode | Date last seen | Price effective from | Koha item type |
|---|---|---|---|---|---|---|---|---|---|---|---|---|
| Library of Congress Classification | Not For Loan | Kabarak, Main Campus | Kabarak, Main Campus | 17/12/2015 | KQC20 .E27 1934-1936 c. 1 | 21100 | 17/12/2015 | 17/12/2015 | Reference | |||
| Library of Congress Classification | Not For Loan | Kabarak, Main Campus | Kabarak, Main Campus | 17/12/2015 | KQC20 .E27 1937-1939 c. 1 | 21101 | 17/12/2015 | 17/12/2015 | Reference | |||
| Library of Congress Classification | Not For Loan | Kabarak, Main Campus | Kabarak, Main Campus | 17/12/2015 | KQC20 .E27 1940-1943 c. 1 | 21102 | 17/12/2015 | 17/12/2015 | Reference | |||
| Library of Congress Classification | Not For Loan | Kabarak, Main Campus | Kabarak, Main Campus | 17/12/2015 | KQC20 .E27 1944-1946 c. 1 | 21103 | 17/12/2015 | 17/12/2015 | Reference | |||
| Library of Congress Classification | Not For Loan | Kabarak, Main Campus | Kabarak, Main Campus | 17/12/2015 | KQC20 .E27 1947-1949 c. 1 | 21104 | 17/12/2015 | 17/12/2015 | Reference | |||
| Library of Congress Classification | Not For Loan | Kabarak, Main Campus | Kabarak, Main Campus | 17/12/2015 | KQC20 .E27 1950-1951 c. 1 | 21105 | 17/12/2015 | 17/12/2015 | Reference | |||
| Library of Congress Classification | Not For Loan | Kabarak, Main Campus | Kabarak, Main Campus | 17/12/2015 | KQC20 .E27 1952-1953 c. 1 | 21106 | 17/12/2015 | 17/12/2015 | Reference | |||
| Library of Congress Classification | Not For Loan | Kabarak, Main Campus | Kabarak, Main Campus | 17/12/2015 | KQC20 .E27 1955 c. 1 | 21108 | 17/12/2015 | 17/12/2015 | Reference | |||
| Library of Congress Classification | Not For Loan | Kabarak, Main Campus | Kabarak, Main Campus | 17/12/2015 | KQC20 .E27 1956 c. 1 | 21109 | 17/12/2015 | 17/12/2015 | Reference | |||
| Library of Congress Classification | Not For Loan | Kabarak, Main Campus | Kabarak, Main Campus | 17/12/2015 | KQC20 .E27 1954 c. 1 | 21107 | 17/12/2015 | 17/12/2015 | Reference |